Southville International School and Colleges
Your cart is empty.
  • Cart
  • Lists
    Public lists Eva Luna New books Lux_list list_1
    Your lists Log in to create your own lists
  • Log in to your account
  • Your cookies
  • Search history
Southville International School and Colleges
  • Advanced search
  • Recent comments
  • Most popular
  • Libraries

Log in to your account

Log in with GOOGLE


If you do not have an external account, but do have a local account, you can still log in:

  1. Home
  2. MARC view: Getting yours :
Normal view MARC view ISBD view

Getting yours : (Record no. 20088)

[ view plain ]
MARC details
000 -LEADER
fixed length control field 00557nam a2200181 a 4500
005 - DATE AND TIME OF LATEST TRANSACTION
control field 20140310183209.0
008 - FIXED-LENGTH DATA ELEMENTS--GENERAL INFORMATION
fixed length control field 050714s19uu xx 00 eng d
050 ## - LIBRARY OF CONGRESS CALL NUMBER
Classification number HC 110.P63
Item number .L37 1984
100 ## - MAIN ENTRY--PERSONAL NAME
Personal name Lesko, Matthew
245 ## - TITLE STATEMENT
Title Getting yours :
Remainder of title the complete guide to government money /
Statement of responsibility, etc by Matthew Lesko.
250 ## - EDITION STATEMENT
Edition statement rev ed
260 ## - PUBLICATION, DISTRIBUTION, ETC. (IMPRINT)
Place of publication, distribution, etc New Zealand :
Name of publisher, distributor, etc Viking Penguin,
Date of publication, distribution, etc 1984.
300 ## - PHYSICAL DESCRIPTION
Extent 292 p. :
Dimensions 20 cm.
521 ## - TARGET AUDIENCE NOTE
Target audience note
650 ## - SUBJECT ADDED ENTRY--TOPICAL TERM
Topical term or geographic name as entry element Economic assistance, Domestic
General subdivision United States
-- directories.
942 ## - ADDED ENTRY ELEMENTS (KOHA)
Koha item type Books
Source of classification or shelving scheme Library of Congress Classification
Call number prefix Foreign
Holdings
Withdrawn status Lost status Source of classification or shelving scheme Damaged status Home library Current library Shelving location Date acquired Source of acquisition Total Checkouts Full call number Barcode Date last seen Copy number Price effective from Koha item type
    Library of Congress Classification   Archives Archives   12/10/2013 Donation   HC 110.P63 .L37 1984 C2133 05/15/2018 1 12/10/2013 Books

Getting yours :

APA

Lesko M., . (1984). Getting yours. New Zealand: Viking Penguin.

Chicago

Lesko Matthew, . 1984. Getting yours. New Zealand: Viking Penguin.

Harvard

Lesko M., . (1984). Getting yours. New Zealand: Viking Penguin.

MLA

Lesko Matthew, . Getting yours. New Zealand: Viking Penguin. 1984.

  • Place hold
  • Print
  • Cite
  • Add to your cart (remove)
  • Save record
    BIBTEX Dublin Core MARCXML MARC (non-Unicode/MARC-8) MARC (Unicode/UTF-8) MARC (Unicode/UTF-8, Standard) MODS (XML) RIS
  • More searches
    Search for this title in:
    Other Libraries (WorldCat) Other Databases (Google Scholar) Online Stores (Bookfinder.com) Open Library (openlibrary.org)

Exporting to Dublin Core...

SOUTHVILLE LIBRARY

Southville International School and Colleges Library

1281 Tropical Ave. Cor. Luxembourg St., BF Homes International, Las Pinas City

Tel. No. 8256374 / 252358 Loc. 117/146

Powered by Koha